000 00515nab a2200157Ia 4500
003 ES-SlBCS
005 20210601124320.0
008 140529s1990 xxu||||| |||| 00| 0 eng d
041 _aeng
100 1 _aGriffin, Robert S.
_9139632
245 0 0 _aIndividualism, Community, and Education: An Exchange of Views
_c Robert S. Griffin, Robert J. Nash
650 0 4 _aIndividualismo
_9103233
700 1 _aNash, Robert J.
_9139633
773 0 _tEducational Theory
_gvol. 40, nº. 1, 1990, págs. 1-18
_wRev1399
942 _cAR
999 _c512812
_d512812